Zo správy o sociálnej situácii obyvateľov Slovenskej republiky v r.1993
Sociálna situácia obyvateľstva SR v r. 1993. Vývoj základných ukazovateľov. Štruktúra obyvateľstva s skladba príjmov. Zloženie peňažných výdavkov. Zamestnávanie občanov v zahraničí. Vývoj miezd v podnikateľskej a nepodnikateľskej sfére. Nezamestnanosť, politika zamestnanosti. Sociálne zabezpečenie,...
Salvato in:
| Natura: | Capitolo di libro |
|---|---|
| Lingua: | slovacco |
| Soggetti: | |
| Tags: |
Nessun Tag, puoi essere il primo ad aggiungerne!!
|
MARC
| LEADER | 00000naa a2200000 4500 | ||
|---|---|---|---|
| 001 | r015765 | ||
| 005 | 20221205090812.0 | ||
| 041 | 0 | |a slo | |
| 044 | |a SK | ||
| 245 | 1 | 0 | |a Zo správy o sociálnej situácii obyvateľov Slovenskej republiky v r.1993 |
| 520 | |a Sociálna situácia obyvateľstva SR v r. 1993. Vývoj základných ukazovateľov. Štruktúra obyvateľstva s skladba príjmov. Zloženie peňažných výdavkov. Zamestnávanie občanov v zahraničí. Vývoj miezd v podnikateľskej a nepodnikateľskej sfére. Nezamestnanosť, politika zamestnanosti. Sociálne zabezpečenie, dávky sociálnej starostlivosti. | ||
| 610 | 2 | 0 | |a situácia sociálna |
| 610 | 2 | 0 | |a Slovensko |
| 610 | 2 | 0 | |a 1993 |
| 610 | 2 | 0 | |a ukazovatele sociálne |
| 610 | 2 | 0 | |a príjmy obyvateľstva |
| 610 | 2 | 0 | |a výdavky obyvateľstva |
| 610 | 2 | 0 | |a zabezpečenie sociálne |
| 610 | 2 | 0 | |a úroveň životná |